000 00576nam a2200145 a 4500
008 120416s1973 ||||||||||||||||| || u
050 _aTK 5102.5 Bec
100 _aBecker, Hal B
245 1 0 _aFunctional analysis of information networks
246 _aA structured approach to the data communications environment
260 _aNew York
_bJohn Wiley and Sons
_c(1973)
300 _axiii, 281p. : ill.
350 _a0.00
995 _D0.00
_FCBU-MAIN LIBRARY (Kitwe)
_H1
_I0.00
_UAVAILABLE
_ZMain Library Open Access Collection
999 _c44092
_d44092